El triunfo del dinero: Cómo las finanzas mueven el mundo
Salvato in:
| Autore principale: | |
|---|---|
| Natura: | Libro |
| Lingua: | spagnolo |
| Pubblicazione: |
Buenos Aires
Debate
2010
|
| Edizione: | 1a. ed |
| Soggetti: | |
| Tags: |
Aggiungi Tag
Nessun Tag, puoi essere il primo ad aggiungerne!!
|
MARC
| LEADER | 00000nam a2200000 a 4500 | ||
|---|---|---|---|
| 001 | UCG1554 | ||
| 003 | CL-VaPUC | ||
| 008 | 100506e20100300AG |||||||||||||||||spa|d | ||
| 020 | |a 9789871117802 | ||
| 082 | 0 | 4 | |a 070.44 |b FER |2 21 |
| 100 | 0 | |a Ferguson, Niall |e author |9 549546 | |
| 245 | 1 | 3 | |a El triunfo del dinero: Cómo las finanzas mueven el mundo |
| 250 | |a 1a. ed | ||
| 300 | |a 448 p | ||
| 942 | |c BK | ||
| 945 | |d 20100506 00:00:00 |a dcastane | ||
| 260 | |a Buenos Aires |b Debate |c 2010 | ||
| 650 | 0 | |a Investigación periodística |9 386006 | |
| 650 | 0 | |a Dinero |9 314331 | |
| 650 | 0 | |a Historia económica |9 307218 | |
| 650 | 0 | |a Finanzas |9 260832 | |
| 583 | |a last modification |c 20100506 00:00:00 |k Rodrigo Vera | ||
| 999 | |c 340903 |d 340901 | ||
| 952 | |0 0 |1 0 |4 0 |6 070_440000000000000_FER_2010 |7 0 |8 A |9 436044 |a BIBENE |b BIBENE |d 2019-11-22 |i 4670558 |o 070.44 FER 2010 |p 4670558 |r 2025-01-15 |w 2019-11-22 |y BK |k ICO | ||